[Event "Titled Tuesday intern op 01st Apr Early"]
[Site "Chess.com INT"]
[Date "2025.04.01"]
[Round "5"]
[White "Rose, Felix"]
[Black "Rizzo, Tobias M"]
[Result "0-1"]
[WhiteElo "2093"]
[BlackElo "1955"]
[PlyCount "56"]
[EventDate "2025.04.01"]
[EventType "swiss (blitz)"]
[EventRounds "11"]
[EventCountry "USA"]
[SourceTitle "CB15_2025"]
[SourceDate "2025.04.09"]
[SourceVersion "1"]
[SourceVersionDate "2025.04.09"]
[SourceQuality "1"]

1. e4 c5 2. Nf3 e6 3. d4 cxd4 4. Nxd4 Nf6 5. Nc3 Nc6 6. Ndb5 Bb4 7. a3 Bxc3+ 8. Nxc3 d5 9. Bd3 0-0 10. 0-0 d4 11. Ne2 e5 12. h3 Re8 13. Ng3 Be6 14. f4 exf4 15. Bxf4 Nd7 16. Qh5 g6 17. Qh6 Nde5 18. Bg5 Qd6 19. Bf6 Qf8 20. Qg5 Nd7 21. Nh5 Qc5 22. e5 Ncxe5 23. Rf5 Bxf5 24. Bxf5 Nf3+ 25. gxf3 Qxf5 26. Qxf5 gxf5 27. Bxd4 Re2 28. Rd1 Rae8 0-1